| 000 | 01506nam0a22003491 4500 | ||
|---|---|---|---|
| 001 | rc\3756340 | ||
| 005 | 20260406112603.0 | ||
| 021 |
_aRU _b[72-23273] |
||
| 035 | _a(NLR Aleph) 007876416 | ||
| 090 |
_a7890544 _c7890544 |
||
| 100 | _a20130115d1972 |||y0rusy50 ca | ||
| 101 | 0 | _arus | |
| 102 | _aRU | ||
| 105 | _ay g ||||| | ||
| 200 | 1 |
_aСценаристы советского художественного кино. 1917-1967 _eСправочник _fГосфильмофонд СССР |
|
| 210 |
_aМосква _cИскусство _d1972 |
||
| 215 |
_a439 с. _d21 |
||
| 300 | _aНа обороте тит. л. сост.: В.Н. Антропов, Н.А. Глаголева, М.И. Павлова и др. | ||
| 320 | _aСписки лит. в тексте / Сост. В.Д. Левицкий | ||
| 320 | _aФильмогр. в тексте | ||
| 606 |
_aКинофильмы художественные _xСценарии _jСправочники _2psbo |
||
| 606 |
_aСоветская кинодраматургия _jСправочники _2psbo |
||
| 702 | 1 |
_aГлаголева _bН.А. _4220 |
|
| 702 | 1 |
_4220 _aПавлова _bМ.И. _cкиновед _gМария И. _9175198 _3RU\NLR\AUTH\770175249 |
|
| 702 | 1 |
_aАнтропов _bВ.Н. _4220 |
|
| 712 | 0 | 2 |
_aВсесоюзный фонд кинофильмов _3RU\NLR\AUTH\888434 _9289295 |
| 801 | 0 |
_aRU _bNLR _gpsbo |
|
| 801 | 1 |
_aRU _bELAR _2rusmarc |
|
| 852 |
_aNLR _jс919-320/С92 |
||
| 942 | _cBOOK | ||
| 980 | _aNB | ||